|
|
|
|
| LEADER |
00000nam a2200000Ii 4500 |
| 001 |
DIGEDUNAV0271 |
| 003 |
NyNyDIG |
| 006 |
m o d |
| 007 |
cr ||||||||||| |
| 008 |
220610s2014 sp o 000 0 spa d |
| 035 |
|
|
|a (OCoLC)1054063422
|
| 040 |
|
|
|a DGITA
|b eng
|e rda
|e pn
|c DGITA
|
| 020 |
|
|
|z 9788431329976
|
| 050 |
1 |
4 |
|a K415 ebook
|
| 245 |
0 |
0 |
|a Ley y razón práctica en el pensamiento medieval y renacentista /
|c Laura E. Corso de Estrada, Ma Jesús Soto-Bruna, Ma Idoya Zorroza, (editoras)
|
| 264 |
|
1 |
|a Pamplona, España :
|b EUNSA, Ediciones Universidad de Navarra,
|c [2014]
|
| 300 |
|
|
|a 1 online resource.
|
| 336 |
|
|
|a text
|b txt
|2 rdacontent
|
| 337 |
|
|
|a computer
|b c
|2 rdamedia
|
| 338 |
|
|
|a online resource
|b cr
|2 rdacarrier
|
| 347 |
|
|
|a text file
|2 rdaft
|
| 347 |
|
|
|b PDF
|
| 490 |
1 |
|
|a Colección de pensamiento medieval y renacentista ;
|v no. 150
|
| 588 |
0 |
|
|a Online resource; title from PDF title page (Digitalia, viewed June 10, 2022)
|
| 650 |
|
0 |
|a Natural law.
|
| 650 |
|
0 |
|a Law
|x Philosophy.
|
| 650 |
|
0 |
|a Scholasticism.
|
| 650 |
|
0 |
|a Christian ethics.
|
| 655 |
|
0 |
|a Electronic books.
|
| 700 |
1 |
|
|a Corso de Estrada, Laura E.,
|e editor.
|
| 700 |
1 |
|
|a Soto Bruna, Ma. Jesús
|q (María Jesús),
|d 1960-
|e editor.
|
| 700 |
1 |
|
|a Zorroza, Idoya,
|e editor.
|
| 791 |
2 |
|
|a Digitalia (Firm),
|e distributor.
|
| 793 |
0 |
|
|g Digitalia eBook Collection:
|a Ediciones Universidad de Navarra
|
| 776 |
0 |
8 |
|i Print version:
|t Ley y razón práctica en el pensamiento medieval y renacentista.
|b Primera edición.
|d Pamplona, España : EUNSA, Ediciones Universidad de Navarra, [2014]
|z 9788431329976
|
| 830 |
|
0 |
|a Colección de pensamiento medieval y renacentista ;
|v núm. 150.
|
| 856 |
4 |
0 |
|3 Digitalia Hispánica
|u https://www.digitaliapublishing.com/a/51652/
|
| 910 |
|
|
|a Premium collection: 2022
|